Oh, Serafina!

-д хадгалсан:
Номзүйн дэлгэрэнгүй
Үндсэн зохиолч: Giusppe Berto
Формат: Ном
Хэл сонгох:Тодорхойгүй
Хэвлэсэн: Rusconi Editore
Шошгууд: Шошго нэмэх
Шошго байхгүй, Энэхүү баримтыг шошголох эхний хүн болох!

MARC

LEADER 00000nam a2200000Ia 4500
001 R-1283
003 CODICE-MESSINA
005 20260212102505.0
008 260211s9999 xx 000 0 und d
040 |c importazione_messina 
100 |a Giusppe Berto 
245 0 |a Oh, Serafina! 
260 |b Rusconi Editore 
942 |2 ddc  |c BK 
952 |0 0  |1 0  |2 ddc  |4 0  |6 SCAFFALE_12_000000000000000__ROMANZI  |7 0  |9 32116  |a ME  |b ME  |d 2026-02-11  |l 0  |o SCAFFALE 12 - ROMANZI  |p R-1283  |r 2026-02-11 23:52:58  |w 2026-02-11  |x [REVISIONARE]  |y BK 
999 |c 27783  |d 27783